| 000 | 01065nam a2200313 i 4500 | ||
|---|---|---|---|
| 001 | 11737 | ||
| 003 | KOSZ 005 | ||
| 005 | 20201130131130.0 | ||
| 008 | 071102s1966 pl a f 000 0 pol | ||
| 015 | _aPB 1966/6979 | ||
| 040 |
_aWA N _cWA N _dKOSZ 005/RW _dKOSZ 005/HR |
||
| 046 | _k1966 | ||
| 080 | _a696 | ||
| 080 | _a697 | ||
| 100 | 1 |
_aKielski, Paweł. _eAutor. |
|
| 245 | 1 | 0 |
_aRury stalowe w instalacjach sanitarnych / _cPaweł Kielski. |
| 260 |
_aWarszawa : _b"Arkady", _c1966. |
||
| 300 |
_a263, [1] s. : _bil. ; _c25 cm. |
||
| 380 | _aKsiążki. | ||
| 388 | _a1901-2000 | ||
| 504 | _aBibliogr. s. 217-[218]. | ||
| 521 | 8 | _aDla inżynierów sanitarnych, mechaników, budowniczych wodn., pracowników biur projektowych, wykonawstwa i zaopatrzenia. | |
| 658 | _aInżynieria i technika | ||
| 650 | 4 | _aInstalacje sanitarne | |
| 650 | 4 | _aRury stalowe | |
| 710 | 2 |
_aWydawnictwo "Arkady". _4pbl. |
|
| 856 |
_uhttp://koha.tu.koszalin.pl/cgi-bin/koha/opac-detail.pl?biblionumber=11737 _yKatalog online BPK |
||
| 942 |
_2UKD _cKS |
||
| 999 |
_c11737 _d11737 |
||